000 00564 a2200217 4500
001 21269
999 _c21269
_d7945
003 TR-AnTOB
005 20190408213237.0
008 041102s2002 tu tur
020 _a9751017491
041 _atur
050 _aPS3553.O51165
_bL319 2002
090 _aPS3553.O51165 L319 2002
100 _aConnelly, Michael
_914305
245 0 _aSon Çakal /
_cMichael Connelly ; çev. Fatoş Coyote.
264 1 _aİstanbul :
_bİnkılap Kitabevi,
_c2002
300 _a422 p. ;
_c20 cm.
500 _aOrjinal: The Last Coyote
902 _a0003975
942 _cBK